Sexion d'Assaut Discographie - Statistiques

Statistiques générales
  • Ce quiz a été pris 133 fois
  • Le résultat moyen est 23 sur 91
Statistiques - réponses
Le Renouveau % Correct
Désolé
87%
Wati by night
84%
Ma direction
74%
Disque d'or
71%
Avant qu'elle parte
70%
Wati House
70%
Casquette à l'envers
68%
Africain
58%
Balader
55%
Paris va bien
51%
Problèmes d'adultes
49%
J'ai pas les loves
47%
Qui t'a dit ?
43%
J'reste debout
41%
Changement d'ambiance
39%
L'école des points vitaux
39%
Wati bon son
38%
Intro
36%
Intro (en résumé)
36%
Melrose Place
36%
Cérémonie
34%
La tâche
33%
L'endurance
33%
Mets pas celle-là
33%
Paname allons danser
32%
-75 degrés
30%
Ils appellent ça
30%
Noir
30%
T'es bête ou quoi ?
30%
Assez
29%
J'suis pas dans l'game
29%
Ra-Fall
29%
Itinéraire d'un chômeur
28%
La drogue te donne des ailes
28%
Paname lève toi
28%
Antitecktonik
26%
Mon gars sûr
25%
Routine
25%
Tel père tel fils
25%
Breh
22%
Ça chuchote
22%
Rien de méchant
22%
Prévenez les haineux
21%
A bout d'souffle
20%
A.D.
20%
L'ogive nucléaire
20%
Mamadou
20%
22h45
18%
A coeur ouvert
18%
À la mode de chez nous
18%
Non coupable
18%
Black Shady Part.2
17%
Cascadé
17%
Rien n't'appartient
17%
Tu l'as fait pour elle
17%
En direct de la lune
16%
Glock
16%
Laissez moi ivre
16%
Vu la haine que j'ai
16%
Gotham City
14%
La Douille
14%
O'brothers
14%
On t'a dit
14%
Tu t'es ficha
14%
50-50
13%
B.S.S.
13%
Cramponnez-vous
13%
Le relais
13%
À 30 %
12%
Flow d'killer
11%
Le monde à l'envers
11%
L'OEil de verre
11%
Normal
11%
Propagande
11%
Enième tentative
9%
Interlude
9%
Pas d'chance
9%
Traqué
9%
Arrête de te plaindre
8%
Histoire pire que vraie
8%
Il est temps qu'on go
8%
Ça vient de Paname
7%
Dédicace
7%
Instinct de survie
7%
Boy's in the hood
5%
On va vous apprendre
5%
Parce que souvent
5%
Ça se ressent dans l'écriture
4%
Eh dis-moi
4%
Cessez le feu
3%
Choqué
3%
Aucun quiz correspondant
Distribution des résultats
% des personnes avec chaque résultat
Percentile par nombre de réponses
Votre historique - résultats
Vous n’avez pas pris ce quiz